The Law of Trusts

Bibliographic Details
Main Author: Gillese, Eileen E.
Format: eBook
Language:English
Published: Toronto: Irwin Law Inc., 2014
Subjects:
Online Access:Acceso restringido

MARC

LEADER 00000nam a22000007a 4500
005 20210811222634.0
007 cr|||| ||||
008 210811s2014 ca |||||s|||| 00||0 eng d
020 |a 978-1-55221-373-5 
035 |a 34945 
040 |a vLex 
090 |c 11991  |d 11991 
100 1 |a Gillese, Eileen E. 
245 1 3 |a The Law of Trusts  |h [Recurso electrn̤ico] /  |c Eileen E. Gillese 
256 |a Servicio en ln̕ea 
260 |a Toronto:  |b Irwin Law Inc.,  |c 2014 
300 |a 1 recurso electrn̤ico 
506 1 |a Disponible solo en los productos indicados  |d vLex Global  |d vLex Global (Academic Edition, excluding Law Schools)  |d vLex Global (U.S. Academic Edition, Law Schools)  |d vLex Global (U.S. Academic Edition, excluding Law Schools)  |d vLex Global (Academic Edition, Law Schools) 
650 0 4 |a Economa̕ y negocios  |z Canad̀ 
740 0 |a vLex Libros (Servicio en ln̕ea) 
856 4 0 |u https://app.vlex.com/#/sources/34945  |z Acceso restringido 
942 |c BOOK 
999 0 |a Economy and business